000 00547nam a2200181Ia 4500
003 GCL
008 140319s9999 xx 000 0 ara d
040 _aGCL /
_cGCL
082 0 4 _a891.7
_bج ا
100 1 _aجوركى، ماكسيم
245 1 0 _aالاشرار /
_cجوركى، ماكسيم
700 1 _aسعد توفيق
300 _a148 ص
490 _aالهيئة العامة للاستعلامات
_v0
650 0 4 _aالقصص الروسية المترجمة
650 0 4 _aالادب الروسى المترجم
942 _2ddc
_cBK
999 _c47463
_d47463